<?xml version="1.0" encoding="UTF-8"?>
<record
    xmlns:xsi="http://www.w3.org/2001/XMLSchema-instance"
    xsi:schemaLocation="http://www.loc.gov/MARC21/slim http://www.loc.gov/standards/marcxml/schema/MARC21slim.xsd"
    xmlns="http://www.loc.gov/MARC21/slim">

  <leader>00792nam a2200229 a 4500</leader>
  <controlfield tag="001">BRCA_2603</controlfield>
  <controlfield tag="005">20190320203902.0</controlfield>
  <controlfield tag="008">281108s1924----gw-a---###---#000-0#ger-u</controlfield>
  <datafield tag="050" ind1=" " ind2="4">
    <subfield code="a">NE885</subfield>
    <subfield code="b">.L47 1924</subfield>
  </datafield>
  <datafield tag="100" ind1="1" ind2=" ">
    <subfield code="a">Leporini, Heinrich</subfield>
    <subfield code="9">7427</subfield>
  </datafield>
  <datafield tag="245" ind1="1" ind2="0">
    <subfield code="a">Der Kupferstichsammler</subfield>
    <subfield code="b">ein hand-und nachslagebuch samt K&#xFC;nstlerverzeichnis f&#xFC;r den Sammler Druckgraphischer Kunst</subfield>
    <subfield code="c">von Heinrich Leporini.</subfield>
  </datafield>
  <datafield tag="260" ind1=" " ind2=" ">
    <subfield code="a">Berlin</subfield>
    <subfield code="b">R. C. Schmidt</subfield>
    <subfield code="c">1924</subfield>
  </datafield>
  <datafield tag="300" ind1=" " ind2=" ">
    <subfield code="a">305 p.</subfield>
    <subfield code="b">il.</subfield>
    <subfield code="c">24 cm.</subfield>
  </datafield>
  <datafield tag="440" ind1=" " ind2="0">
    <subfield code="a">Bibliothek fur Kunst-und Antiquitatensamnler</subfield>
    <subfield code="n">24</subfield>
    <subfield code="9">7428</subfield>
  </datafield>
  <datafield tag="500" ind1=" " ind2=" ">
    <subfield code="a">A60</subfield>
  </datafield>
  <datafield tag="650" ind1="1" ind2="4">
    <subfield code="a">Grabados</subfield>
    <subfield code="x">Coleccionistas y colecciones</subfield>
    <subfield code="9">7355</subfield>
  </datafield>
  <datafield tag="650" ind1="1" ind2="4">
    <subfield code="a">Grabadores</subfield>
    <subfield code="9">7352</subfield>
  </datafield>
  <datafield tag="650" ind1="1" ind2="4">
    <subfield code="a">Grabado</subfield>
    <subfield code="v">Bibliograf&#xED;a</subfield>
    <subfield code="9">7354</subfield>
  </datafield>
  <datafield tag="650" ind1="1" ind2="4">
    <subfield code="a">Coleccionistas y colecciones</subfield>
    <subfield code="9">7429</subfield>
  </datafield>
  <datafield tag="902" ind1=" " ind2=" ">
    <subfield code="a">GFM</subfield>
  </datafield>
  <datafield tag="942" ind1=" " ind2=" ">
    <subfield code="2">lcc</subfield>
    <subfield code="c">B</subfield>
  </datafield>
  <datafield tag="999" ind1=" " ind2=" ">
    <subfield code="c">2343</subfield>
    <subfield code="d">2343</subfield>
  </datafield>
  <datafield tag="952" ind1=" " ind2=" ">
    <subfield code="0">0</subfield>
    <subfield code="1">0</subfield>
    <subfield code="4">0</subfield>
    <subfield code="7">0</subfield>
    <subfield code="a">BRCA</subfield>
    <subfield code="b">BRCA</subfield>
    <subfield code="d">2008-11-28</subfield>
    <subfield code="i">A60</subfield>
    <subfield code="l">0</subfield>
    <subfield code="o">NE885 .L47 1924 (A60)</subfield>
    <subfield code="p">2600</subfield>
    <subfield code="r">2019-03-22 00:00:00</subfield>
    <subfield code="w">2019-03-22</subfield>
    <subfield code="y">B</subfield>
  </datafield>
</record>
